• 首页
  • 本馆介绍
  • 公告通知
  • 最新文献
  • 馆藏检索
  • 电子资源
  • 读者导购
  • 参考咨询
  • 我的图书馆
  • 登录
  • 详细信息显示
  • 放入我的书架
  • 预约/预借图书
  • 作者相关作品
  • 分类相关作品
  • 丛书相关作品
  • 出版社相关作品

书目信息

  • 表格格式
  • 工作单格式
  • 卡片格式
题名:
价值多元与道德教育
    
 
作者: 严开宏 著
分册:  
出版信息: 福州   福建教育出版社  2016.08
页数: 287页
开本: 24cm
丛书名:
单 册:
中图分类: G416
科图分类:
主题词: 学校教育--品德教育--研究
电子资源:
ISBN: 978-7-5334-7264-1
000 00965nam0 2200253 450
001 0120161983809
005 20161028085149.87
010    @a978-7-5334-7264-1@dCNY44.00
100    @a20160912d2016 em y0chiy50 ea
101 0  @achi
102    @aCN@b350000
105    @ay z 000yy
106    @ar
200 1  @a价值多元与道德教育@9jia zhi duo yuan yu dao de jiao yu@dValue diversification and moral education@f严开宏著@zeng
210    @a福州@c福建教育出版社@d2016.08
215    @a287页@d24cm
330    @a本书论述了在价值多元的现代社会生活中道德教育的哲学基础。围绕多元价值与道德要求的关系问题,以康德伦理学为基础,论证了基于价值多元的道德要求的可普遍化性,阐述了儿童道德发展的建构主义观点。
333    @a教育研究人员
510 1  @aValue diversification and moral education@zeng
606 0  @a学校教育@x品德教育@x研究
690    @aG416@v5
701  0 @a严开宏@9yan kai hong@f(1969-)@4著
801  0 @aCN@b人天书店@c20160912
905    @b882410-15@dG416@e53@f6
    
    价值多元与道德教育=Value diversification and moral education/严开宏著.-福州:福建教育出版社,2016.08
    287页;24cm
    使用对象:教育研究人员
    
    ISBN 978-7-5334-7264-1:CNY44.00
    本书论述了在价值多元的现代社会生活中道德教育的哲学基础。围绕多元价值与道德要求的关系问题,以康德伦理学为基础,论证了基于价值多元的道德要求的可普遍化性,阐述了儿童道德发展的建构主义观点。
●
相关链接 在E读中查询图书 在五车中查询图书 在当当中查询图书 在豆瓣中查询图书


正题名:价值多元与道德教育     索取号:G416/53         预约/预借

序号 登录号 条形码 馆藏地/架位号 状态 备注
1 882410   208824101   第一样本阅览室/ [索取号:G416/53] 在馆    
2 882411   208824110   教育系资料室/ [索取号:G416/53] 在馆    
3 882412   208824129   教育系资料室/ [索取号:G416/53] 在馆    
4 882413   208824138   教育系资料室/ [索取号:G416/53] 在馆    
5 882414   208824147   第四借阅区/ [索取号:G416/53] 在馆    
6 882415   208824156   第四借阅区/ [索取号:G416/53] 在馆    
唐山师范学院图书馆 欢迎您!
大连网信软件有限公司© 版权所有